| 000 | 01291cam a2200385Mi 4500 | ||
|---|---|---|---|
| 001 | 97918 | ||
| 005 | 20230410124036.0 | ||
| 008 | 110110s2010 mau 000 0 eng d | ||
| 010 | _a 2010027244 | ||
| 035 | _a(OCoLC)ocn548651266 | ||
| 040 |
_aDLC _cDLC _dQBX _dBTCTA _dUKM |
||
| 015 |
_aGBB078822 _2bnb |
||
| 016 | 7 |
_a015589582 _2Uk |
|
| 019 | _a645703207 | ||
| 020 | _a9781440504563 | ||
| 020 | _a1440504563 | ||
| 020 | _a9781440508882 (ebook) | ||
| 020 | _a1440508887 (ebook) | ||
| 035 |
_a(OCoLC)548651266 _z(OCoLC)645703207 |
||
| 050 | 1 | 4 |
_aLC 1011 _bW193l 2010 |
| 082 | 0 | 0 | _a370.11/2 |
| 049 | _aGRAL | ||
| 100 | 1 | _aWallace, Richard J. | |
| 245 | 1 | 4 |
_aThe lazy intellectual : _bmaximum knowledge, minimum effort / _cRichard J. Wallace and James V. Wallace. |
| 260 |
_aAvon, Mass. : _bAdams Media, _cc2010. |
||
| 300 |
_avi, 390 p. : _bill. ; _c19 cm. |
||
| 504 | _aIncludes bibliographical references and index. | ||
| 505 | 0 | _aPhilosophy -- Music -- The classics -- Modern language -- History -- Language arts -- Religion -- Social sciences -- Physical sciences -- Mathematics. | |
| 650 | 0 | _aEducation, Humanistic. | |
| 650 | 0 | _aSelf-culture. | |
| 650 | 7 |
_aClassical education. _2sears |
|
| 700 | 1 | _aWallace, James V. | |
| 942 |
_2lcc _cbk |
||
| 994 |
_aC0 _bDRFGD |
||
| 999 |
_c69916 _d69916 |
||